Science Quiz

Random Science or Physics Quiz

Defunct Theories in Physics Quiz Stats

 Plays Quiz not verified by Sporcle

Challenge
Share
Tweet
Embed
Score 0/12 Timer 07:00
0 Plays Today
Description of Defunct Theory Answer % Correct
Michelson and Morley put the final nail in the coffin of this concept when they showed that the speed of light did not depend on what direction one was facing.Luminiferous Aether
82.2%
Despite being 'common knowledge' it is simply not true that people believed this theory until Columbus. Even before the ancient greeks this theory was known to be false.Flat Earth Theory
68.9%
Though still ubiquitous today, due to its high accuracy in most situations, this theory pioneered by the likes of Newton and Lagrange was replaced by the stranger Quantum MechanicsClassical Mechanics
55.6%
This delicious theory was kicked to the curb when Rutherford (and Geiger and Marsden) shot some alpha particles (helium nuclei) at some gold foil. Sorry Thomson. The Plum Pudding Model
48.6%
Despite what people say, this theory was NOT replaced by the view that the 'earth rotates around the sun' but rather both orbit around their two-body center of mass.Geocentric Theory Of The Solar System
46.2%
Count Rumford discovered a lot about this debunked substance by boring a whole lot of cannons (how boring). It was said to exist in all things and was the cause of heat transfer.Caloric Fluid
26.9%
This theory of an unchanging universe was an equally accepted alternative to the big bang theory before the relatively recent discovery of the Cosmic Microwave Background RadiationSteady State Theory
24.8%
Poor Newton, his theories are taking a beating. It was Einstein who 'revised' this law which is probably best known to layman for the apocryphal tale of how Newton conceived it.Newton's Law of Universal Gravitation
22%
Yet another theory smashed by Einstein. This theory of Galileo stated that, in physics, there was an absolute time and inertial reference frames could have any relative velocity.Galilean Relativity
15.4%
It was Newton who put forward this theory which states that light is made of tiny particles (for which he had a special name). Unfortunately the true story is more complicated.Corpuscle Theory of Light
10.5%
Benjamin Franklin was a proponent of this theory of electricity which had both positive and negative flows within a wire.Fluid Theory of Electricity
1.4%
It was Empedocles in ancient Greece who tacked on these 2 new 'forces' to the already widely accepted 4. His new forces were meant to explain WHY the others behaved how they doLove and Strife
1.4%

You're not logged in!

Compare scores with friends on all Sporcle quizzes.
Join for Free
OR
Log In

You Might Also Like...

Show Comments

Extras

Top Quizzes Today


Score Distribution

Your Account Isn't Verified!

In order to create a playlist on Sporcle, you need to verify the email address you used during registration. Go to your Sporcle Settings to finish the process.

Report this User

Report this user for behavior that violates our Community Guidelines.

Details: